00542nam a2200181Ia 4500008004100000020001500041082001500056100003200071245003800103250000800141260003100149300001400180500002400194650001200218942000700230952010600237999001700343230524s9999 xx 000 0 und d a8120308484 a4.165bRAF aMohamad Rafiquzzaman912048 0aMicroprocessors and Microcomputer a6TH aNEW DELHIbUniversalc1998 aXVII;1075 aQuantity Number: 1 aComp-Sc cBK 00104070aTATCLbTATCLcGENd2023-05-24l0o004.165 RAFp4197r2023-05-24w2023-05-24yBKzCPEC5305 c16759d16759